00440 a2200109 4500001000900000005001700009008004100026245015300067100002400220700002300244773006300267ART_860720260410161641.0260409a 10aRegímenes de recaudación del Impuesto Sobre los Ingresos Brutos de la provincia de Buenos Aires. Alternativas posibles para solicitar su reclamo1 aJanuszewski, Karina1 aCarballude, Gisela0 tConsultor tributariog- Vol. 4, Nº 42 (ago. 2010)wREV474